|
|
|
|
| LEADER |
01678nam a2200337 a 4500 |
| 001 |
7575 |
| 003 |
BD-DhAAL |
| 005 |
20250527112848.0 |
| 008 |
090909s2000 bg a s 000 0 eng d |
| 010 |
|
|
|a \\\00372294
|
| 020 |
|
|
|a 9840515381
|
| 040 |
|
|
|a DLC
|c DLC
|d DLC
|d BD-DhAAL
|
| 082 |
0 |
0 |
|a 378.19782095492
|2 21
|
| 245 |
0 |
0 |
|a Quality of education and campus violence :
|b case studies of Dhaka and Rajshahi universities : an exploratory study /
|c Foundation for Research on Educational Planning and Development ; edited by Qazi Kholiquzzaman Ahmad.
|
| 246 |
3 |
0 |
|a Education and camp violence
|
| 260 |
|
|
|a Dhaka :
|b University Press,
|c 2000.
|
| 300 |
|
|
|a 85 pages :
|b illustrations ;
|c 22 cm.
|
| 500 |
|
|
|a Includes statistical tables.
|
| 526 |
|
|
|a BIED
|
| 541 |
1 |
|
|a Complimentary copy from BIED
|e 7575, 35797
|
| 610 |
2 |
0 |
|a University of Dhaka.
|9 39030
|
| 610 |
2 |
0 |
|a Rajshahi University.
|9 39031
|
| 650 |
|
0 |
|a Campus violence
|z Bangladesh
|v Case studies.
|9 39032
|
| 650 |
|
0 |
|a Education, Higher
|z Bangladesh.
|9 39033
|
| 700 |
1 |
|
|a Ahmad, Qazi Kholiquzzaman,
|d 1943-
|9 39034
|
| 710 |
2 |
|
|a Foundation for Research on Educational Planning and Development (Bangladesh)
|9 39035
|
| 852 |
4 |
|
|a Ayesha Abed Library
|j General Stacks
|
| 942 |
|
|
|2 ddc
|c BK
|
| 999 |
|
|
|c 3868
|d 3868
|
| 952 |
|
|
|0 0
|1 0
|2 ddc
|4 0
|6 378_197820954920000_QUA
|7 0
|9 3520
|a BRACUL
|b BRACUL
|c GEN
|d 2009-09-13
|g 200.00
|l 2
|o 378.19782095492 QUA
|p 3010007575
|r 2019-04-21
|s 2019-04-17
|t 1
|v 400.00
|w 2009-09-13
|y BK
|
| 952 |
|
|
|0 0
|1 0
|2 ddc
|4 0
|6 378_197820954920000_QUA
|7 0
|9 67724
|a BRACUL
|b BRACUL
|c GEN
|d 2020-01-19
|e Complimentary copy from BIED
|l 0
|o 378.19782095492 QUA
|p 3010035797
|r 2020-01-19
|t 2
|w 2020-01-19
|y BK
|x Transferred from BIED to General Stacks
|